00462nam a2200169Ia 450000500170000000800410001702000140005804000190007204100120009108200110010310000170011424500620013126000540019330000120024765000230025985000100028220230704105045.0131103s9999 xx 000 0 und d a727840436 aLoreto College aEnglish aFbBRO aBromige,Iris 4aThe Tangled Woodb a rainwood family novel cIris Bromige aGreat BritainbSevern House Publishers Ltd.c1900 a190 p.  aFiction in English aLCLIB